书目信息 |
| 题名: |
垂直振动法水泥稳定碎石设计与施工设计
|
|
| 作者: | 蒋应军 , 乔怀玉 著 | |
| 分册: | ||
| 出版信息: | 北京 人民交通出版社 2012 |
|
| 页数: | 145页 | |
| 开本: | 26cm | |
| 丛书名: | ||
| 单 册: | ||
| 中图分类: | U416.214 , U416.216 | |
| 科图分类: | ||
| 主题词: | 碎石--水泥混凝土路面--路面施工 , 碎石 , 水泥混凝土路面 , 路面施工 | |
| 电子资源: | ||
| ISBN: | 978-7-114-09513-9 | |
| 000 | 01042nam0 22002891 450 | |
| 001 | 012015000297 | |
| 005 | 20150911082731.90 | |
| 010 | @a978-7-114-09513-9@dCNY28.00 | |
| 100 | @a20150620d2012 em y0chiy50 ea | |
| 101 | 0 | @achi |
| 102 | @aCN@b110000 | |
| 105 | @ay z 000yy | |
| 106 | @ar | |
| 200 | 1 | @a垂直振动法水泥稳定碎石设计与施工设计@Achui zhi zhen dong fa shui ni wen ding sui shi she ji yu shi gong she ji@f蒋应军,乔怀玉著 |
| 210 | @a北京@c人民交通出版社@d2012 | |
| 215 | @a145页@d26cm | |
| 330 | @a本书以作者近年来的科研成果为基础,详细地阐述了垂直振动法水泥稳定碎石设计与施工技术。内容包括:水泥稳定碎石垂直振动法及其可靠性、基于垂直振动法水泥稳定碎石力学特性与路面结构设计参数等。 | |
| 606 | 0 | @a碎石@x水泥混凝土路面@x路面施工 |
| 606 | 0 | @a碎石 |
| 606 | 0 | @a水泥混凝土路面 |
| 606 | 0 | @a路面施工 |
| 690 | @aU416.214@v5 | |
| 690 | @aU416.216@v5 | |
| 701 | 0 | @a蒋应军@Ajiang ying jun@f(1975~)@4著 |
| 701 | 0 | @a乔怀玉@Aqiao huai yu@4著 |
| 801 | 0 | @aCN@b碧洲教育@c20150716 |
| 905 | @a10447@f4@dU416.214@e230 | |
| 垂直振动法水泥稳定碎石设计与施工设计/蒋应军,乔怀玉著.-北京:人民交通出版社,2012 |
| 145页;26cm |
| ISBN 978-7-114-09513-9:CNY28.00 |
| 本书以作者近年来的科研成果为基础,详细地阐述了垂直振动法水泥稳定碎石设计与施工技术。内容包括:水泥稳定碎石垂直振动法及其可靠性、基于垂直振动法水泥稳定碎石力学特性与路面结构设计参数等。 |
| ● |
| 相关链接 |
|
|
|
|
正题名:垂直振动法水泥稳定碎石设计与施工设计
索取号:U416.214/230
 
预约/预借
| 序号 | 登录号 | 条形码 | 馆藏地/架位号 | 状态 | 备注 |
| 1 | 0849852 | 208498525 | 第二样本阅览室/ [索取号:U416.214/230] | 在馆 | |
| 2 | 0849853 | 208498534 | 第三借阅区/ [索取号:U416.214/230] | 在馆 | |
| 3 | 0849854 | 208498543 | 第三借阅区/ [索取号:U416.214/230] | 在馆 | |
| 4 | 0849855 | 208498552 | 第三借阅区/ [索取号:U416.214/230] | 在馆 |